[Event "Golden Cleopatra op 3rd"]
[Site "Cairo"]
[Date "1999.04.19"]
[Round "9"]
[White "Abdul Wahab, A Rasheed"]
[Black "Ezat, Mohamed Mahmoud"]
[Result "0-1"]
[WhiteElo "2326"]
[BlackElo "2270"]
[PlyCount "120"]
[EventDate "1999.04.11"]
[EventType "swiss"]
[EventRounds "9"]
[EventCountry "EGY"]
[SourceTitle "CBM 069 Extra"]
[Source "ChessBase"]
[SourceDate "1999.05.10"]
[SourceVersion "1"]
[SourceVersionDate "1999.05.10"]
[SourceQuality "1"]

1. c4 c5 2. Nf3 Nf6 3. Nc3 d5 4. cxd5 Nxd5 5. e4 Nc7 6. Bc4 Nc6 7. 0-0 e6 8. d3 Be7 9. Be3 0-0 10. d4 cxd4 11. Nxd4 Bd7 12. Qe2 Bf6 13. Nb3 Bxc3 14. bxc3 Ne5 15. Rfd1 Qc8 16. Bf4 Nxc4 17. Qxc4 Na6 18. Qd4 Bc6 19. Rd3 Rd8 20. Bd6 e5 21. Qxe5 Re8 22. Qg3 Bxe4 23. Rd4 Bg6 24. h4 Nb8 25. Bxb8 Rxb8 26. Rd5 h5 27. Nd4 Qc4 28. Ra5 a6 29. Rc1 Rbc8 30. Nf3 Qg4 31. Qxg4 hxg4 32. Nd4 Red8 33. Nb3 Rc4 34. Re5 Re4 35. Rxe4 Bxe4 36. Nd4 Rc8 37. Re1 Bd5 38. Nf5 Kf8 39. Re5 Bxa2 40. Nd6 Rb8 41. c4 Rd8 42. Nxb7 Rd1+ 43. Kh2 Bxc4 44. Kg3 Rd4 45. Rg5 Bb5 46. Nc5 Rc4 47. Nb7 Rc3+ 48. Kxg4 Bc6 49. Nc5 f6 50. Rf5 Kf7 51. h5 Bxg2 52. f3 Bxf3+ 53. Rxf3 Rxc5 54. Ra3 a5 55. Rb3 Rc4+ 56. Kg3 Rc7 57. Rb6 Ra7 58. Rb3 a4 59. Ra3 Ra5 60. Kg4 Kg8 0-1

[Event "Golden Cleopatra op 3rd"]
[Site "Cairo"]
[Date "1999.04.16"]
[Round "6"]
[White "Afifi, Assem"]
[Black "Abdul Wahab, A Rasheed"]
[Result "1-0"]
[WhiteElo "2311"]
[BlackElo "2326"]
[PlyCount "65"]
[EventDate "1999.04.11"]
[EventType "swiss"]
[EventRounds "9"]
[EventCountry "EGY"]
[SourceTitle "CBM 069 Extra"]
[Source "ChessBase"]
[SourceDate "1999.05.10"]
[SourceVersion "1"]
[SourceVersionDate "1999.05.10"]
[SourceQuality "1"]

1. b4 d5 2. Bb2 Nf6 3. e3 e6 4. b5 a6 5. a4 c6 6. c4 Be7 7. Nf3 0-0 8. Nc3 Nbd7 9. Be2 e5 10. d4 exd4 11. Nxd4 dxc4 12. Bxc4 axb5 13. axb5 Rxa1 14. Bxa1 Ne5 15. Be2 Qc7 16. 0-0 Rd8 17. Qb1 Nfg4 18. g3 h5 19. Nf5 Bf8 20. Rd1 g6 21. Rxd8 Qxd8 22. Nd4 h4 23. bxc6 hxg3 24. hxg3 bxc6 25. Ne4 Qd5 26. f4 Bf5 27. Nxf5 gxf5 28. fxe5 Bh6 29. Bd4 c5 30. Bxg4 fxe4 31. Qb5 Bf8 32. e6 fxe6 33. Qe8 1-0

[Event "Golden Cleopatra op 3rd"]
[Site "Cairo"]
[Date "1999.04.12"]
[Round "2"]
[White "Abdul Wahab, A Rasheed"]
[Black "El Gindy, Essam"]
[Result "1/2-1/2"]
[WhiteElo "2326"]
[BlackElo "2458"]
[PlyCount "117"]
[EventDate "1999.04.11"]
[EventType "swiss"]
[EventRounds "9"]
[EventCountry "EGY"]
[SourceTitle "CBM 069 Extra"]
[Source "ChessBase"]
[SourceDate "1999.05.10"]
[SourceVersion "1"]
[SourceVersionDate "1999.05.10"]
[SourceQuality "1"]

1. c4 Nf6 2. Nc3 g6 3. d4 Bg7 4. e4 d6 5. g3 0-0 6. Bg2 Nc6 7. Nge2 e5 8. d5 Nd4 9. 0-0 c6 10. dxc6 Nxe2+ 11. Qxe2 bxc6 12. Rd1 Qc7 13. Be3 Ba6 14. Rac1 Rfd8 15. b4 Qe7 16. a4 Qe6 17. b5 Bb7 18. a5 a6 19. bxc6 Bxc6 20. Nd5 Ne8 21. Rb1 Rab8 22. Rb6 Rxb6 23. axb6 Bb7 24. c5 dxc5 25. Bxc5 Bf8 26. Bxf8 Kxf8 27. Qe3 Kg7 28. Re1 Rd6 29. f4 h6 30. Rf1 Rd8 31. Qf2 Nf6 32. f5 gxf5 33. exf5 Qd7 34. Nxf6 Kxf6 35. Qe3 Bxg2 36. Qxh6+ Ke7 37. Qh4+ f6 38. Kxg2 Qc6+ 39. Kh3 Rd2 40. Qb4+ Qd6 41. Rb1 Qxb4 42. Rxb4 Rd8 43. b7 Rb8 44. Rb6 a5 45. g4 a4 46. g5 fxg5 47. Kg4 a3 48. Kxg5 Kf7 49. Rf6+ Kg7 50. Ra6 Rxb7 51. Rxa3 e4 52. Ra4 e3 53. Re4 Rb2 54. Re7+ Kf8 55. Rxe3 Rxh2 56. Ra3 Kf7 57. Ra7+ Kg8 58. Kg6 Rg2+ 59. Kf6 1/2-1/2

[Event "Olympiad-33"]
[Site "Elista"]
[Date "1998.10.05"]
[Round "7.2"]
[White "Simonet Pons, Marc"]
[Black "Abdul Wahab, A Rasheed"]
[Result "0-1"]
[WhiteElo "2270"]
[BlackElo "2325"]
[PlyCount "76"]
[EventDate "1998.09.29"]
[EventType "team-swiss"]
[EventRounds "13"]
[EventCountry "RUS"]
[SourceTitle "CBM 068"]
[Source "ChessBase"]
[SourceDate "1999.02.01"]
[SourceVersion "1"]
[SourceVersionDate "1999.02.01"]
[SourceQuality "1"]
[WhiteTeam "Andorra"]
[BlackTeam "Iraq"]
[WhiteTeamCountry "AND"]
[BlackTeamCountry "IRQ"]

1. d4 Nf6 2. c4 e6 3. Nf3 b6 4. a3 Bb7 5. Nc3 Be7 6. d5 exd5 7. cxd5 0-0 8. e4 Re8 9. Bd3 c6 10. 0-0 h6 11. Bc2 d6 12. h3 cxd5 13. exd5 Nbd7 14. Bf4 Rc8 15. Rc1 Rc5 16. Be3 Ra5 17. Nd4 Nxd5 18. Nxd5 Rxd5 19. Qd3 g6 20. Bb3 Nc5 21. Qc2 Nxb3 22. Qxb3 Bg5 23. Nc6 Bxc6 24. Rxc6 Rde5 25. Bd4 Qd7 26. Qc3 Rc5 27. Rxc5 bxc5 28. Bh8 f5 29. Rd1 Qe7 30. g3 Kh7 31. f4 Rxh8 32. fxg5 hxg5 33. Re1 Qf7 34. Qd2 Qf6 35. Qd5 Rb8 36. b3 Kh6 37. Kf2 f4 38. g4 Qb2+ 0-1

[Event "Arab-ch"]
[Site "Dubai"]
[Date "1995.??.??"]
[Round "?"]
[White "Hamdouchi, Hicham"]
[Black "Abdul Wahab, A Rasheed"]
[Result "1-0"]
[WhiteElo "2555"]
[BlackElo "2410"]
[PlyCount "35"]
[EventDate "1995.??.??"]
[EventType "swiss"]
[EventRounds "11"]
[EventCountry "UAE"]
[SourceTitle "EXT 1999"]
[Source "ChessBase"]
[SourceDate "1998.11.16"]
[SourceVersion "1"]
[SourceVersionDate "1998.11.16"]
[SourceQuality "1"]

1. e4 e5 2. Nf3 d6 3. d4 Nd7 4. Bc4 c6 5. dxe5 dxe5 6. Ng5 Nh6 7. 0-0 Be7 8. Ne6 fxe6 9. Bxh6 Nb6 10. Qh5+ g6 11. Qe2 Qd4 12. Nd2 Qxb2 13. a4 Bd7 14. a5 Nc8 15. Nb3 Qc3 16. Bd2 Qxc2 17. Rfc1 Qb2 18. Rcb1 1-0

[Event "Olympiad-31"]
[Site "Moscow"]
[Date "1994.12.15"]
[Round "13.1"]
[White "James, David J"]
[Black "Abdul Wahab, A Rasheed"]
[Result "1/2-1/2"]
[WhiteElo "2260"]
[BlackElo "2375"]
[PlyCount "31"]
[EventDate "1994.12.01"]
[EventType "team-swiss"]
[EventRounds "14"]
[EventCountry "RUS"]
[SourceTitle "CBM 045"]
[Source "ChessBase"]
[SourceDate "1995.04.01"]
[SourceVersion "1"]
[SourceVersionDate "1995.04.01"]
[SourceQuality "1"]
[WhiteTeam "Wales"]
[BlackTeam "Iraq"]
[WhiteTeamCountry "WLS"]
[BlackTeamCountry "IRQ"]

1. d4 Nf6 2. c4 e6 3. Nc3 Bb4 4. Qc2 c5 5. dxc5 Na6 6. a3 Bxc3+ 7. Qxc3 Nxc5 8. f3 a5 9. e4 d6 10. Ne2 e5 11. Be3 Qc7 12. Qc2 a4 13. Nc3 Bd7 14. Be2 0-0 15. 0-0 Bc6 16. Nb5 1/2-1/2

[Event "Olympiad-31"]
[Site "Moscow"]
[Date "1994.12.12"]
[Round "11.1"]
[White "Al Modiahki, Mohamad"]
[Black "Abdul Wahab, A Rasheed"]
[Result "1-0"]
[WhiteElo "2370"]
[BlackElo "2375"]
[PlyCount "81"]
[EventDate "1994.12.01"]
[EventType "team-swiss"]
[EventRounds "14"]
[EventCountry "RUS"]
[SourceTitle "CBM 045"]
[Source "ChessBase"]
[SourceDate "1995.04.01"]
[SourceVersion "1"]
[SourceVersionDate "1995.04.01"]
[SourceQuality "1"]
[WhiteTeam "Qatar"]
[BlackTeam "Iraq"]
[WhiteTeamCountry "QAT"]
[BlackTeamCountry "IRQ"]

1. e4 e6 2. d4 d5 3. Nc3 Bb4 4. Nge2 dxe4 5. a3 Be7 6. Nxe4 b6 7. N2c3 Bb7 8. Qf3 Kf8 9. Qg3 Nh6 10. Bxh6 gxh6 11. Qf4 Bg5 12. Nxg5 hxg5 13. Qe3 Nd7 14. 0-0-0 Qe7 15. h4 g4 16. Qh6+ Ke8 17. d5 Qf6 18. Qe3 a6 19. dxe6 fxe6 20. Bc4 Nf8 21. Bd5 Bxd5 22. Nxd5 Qg7 23. Rhe1 h5 24. Nf4 Rh6 25. Qe4 Rd8 26. Qc6+ Rd7 27. Nxe6 Nxe6 28. Rxe6+ Rxe6 29. Qxe6+ Re7 30. Qc8+ Kf7 31. Qf5+ Qf6 32. Qxh5+ Qg6 33. Qxg6+ Kxg6 34. Rd4 Kh5 35. g3 Rf7 36. Rd2 Kg6 37. Kd1 Kf5 38. Rd4 Ke5 39. Rxg4 Rxf2 40. h5 Rg2 41. h6 1-0

[Event "Olympiad-31"]
[Site "Moscow"]
[Date "1994.12.10"]
[Round "9.1"]
[White "Abdul Wahab, A Rasheed"]
[Black "Sabar, Md Hashim"]
[Result "1-0"]
[WhiteElo "2375"]
[BlackElo "2205"]
[PlyCount "85"]
[EventDate "1994.12.01"]
[EventType "team-swiss"]
[EventRounds "14"]
[EventCountry "RUS"]
[SourceTitle "CBM 045"]
[Source "ChessBase"]
[SourceDate "1995.04.01"]
[SourceVersion "1"]
[SourceVersionDate "1995.04.01"]
[SourceQuality "1"]
[WhiteTeam "Iraq"]
[BlackTeam "Malaysia"]
[WhiteTeamCountry "IRQ"]
[BlackTeamCountry "MAS"]

1. c4 Nf6 2. Nc3 g6 3. d4 d5 4. Nf3 Bg7 5. Bf4 0-0 6. e3 c5 7. dxc5 Qa5 8. Rc1 Ne4 9. cxd5 Nxc3 10. Qd2 Qxa2 11. Rxc3 Qa1+ 12. Rc1 Qxb2 13. e4 Nd7 14. Bd3 Qxd2+ 15. Kxd2 Nf6 16. Rb1 Rd8 17. h3 Nxd5 18. exd5 Rxd5 19. Ke2 Rxc5 20. Be4 Rc4 21. Nd2 Ra4 22. Bc7 Bc3 23. Bxb7 Bxb7 24. Rxb7 Ra2 25. Rd1 a5 26. Kd3 Bb4 27. Rb8+ Rxb8 28. Bxb8 f5 29. Be5 Kf7 30. Bc3 Bxc3 31. Kxc3 a4 32. Re1 g5 33. Re5 Kf6 34. Rb5 e5 35. g4 Ra3+ 36. Kb2 Rxh3 37. Rb6+ Kf7 38. gxf5 h5 39. Ne4 Rb3+ 40. Rxb3 axb3 41. Kxb3 g4 42. Kc4 h4 43. Kd5 1-0

[Event "Olympiad-31"]
[Site "Moscow"]
[Date "1994.12.06"]
[Round "6.1"]
[White "Solomons, Deon"]
[Black "Abdul Wahab, A Rasheed"]
[Result "0-1"]
[WhiteElo "2285"]
[BlackElo "2375"]
[PlyCount "62"]
[EventDate "1994.12.01"]
[EventType "team-swiss"]
[EventRounds "14"]
[EventCountry "RUS"]
[SourceTitle "CBM 045"]
[Source "ChessBase"]
[SourceDate "1995.04.01"]
[SourceVersion "1"]
[SourceVersionDate "1995.04.01"]
[SourceQuality "1"]
[WhiteTeam "South Africa"]
[BlackTeam "Iraq"]
[WhiteTeamCountry "RSA"]
[BlackTeamCountry "IRQ"]

1. c4 e5 2. g3 f5 3. Bg2 Nf6 4. d3 Bc5 5. Nf3 d6 6. 0-0 c6 7. Nc3 0-0 8. a3 a5 9. Rb1 e4 10. dxe4 fxe4 11. Nd4 d5 12. b4 axb4 13. axb4 Be7 14. Qb3 Kh8 15. cxd5 cxd5 16. f3 Qb6 17. Be3 Nc6 18. Ncb5 Nxb4 19. Rfc1 Na6 20. Qc2 Bc5 21. fxe4 Ng4 22. Qd2 Bd7 23. Rxc5 Nxc5 24. Nc3 Qg6 25. exd5 Qh5 26. h4 Nxe3 27. Qxe3 Rae8 28. Qd2 Qg4 29. Ne6 Nxe6 30. dxe6 Qxg3 31. Rb5 Rf2 0-1

[Event "Olympiad-31"]
[Site "Moscow"]
[Date "1994.12.05"]
[Round "5.1"]
[White "Abdul Wahab, A Rasheed"]
[Black "Hamdouchi, Hicham"]
[Result "0-1"]
[WhiteElo "2375"]
[BlackElo "2530"]
[PlyCount "116"]
[EventDate "1994.12.01"]
[EventType "team-swiss"]
[EventRounds "14"]
[EventCountry "RUS"]
[SourceTitle "CBM 045"]
[Source "ChessBase"]
[SourceDate "1995.04.01"]
[SourceVersion "1"]
[SourceVersionDate "1995.04.01"]
[SourceQuality "1"]
[WhiteTeam "Iraq"]
[BlackTeam "Morocco"]
[WhiteTeamCountry "IRQ"]
[BlackTeamCountry "MAR"]

1. d4 e6 2. c4 b6 3. e4 Bb7 4. Nc3 Bb4 5. d5 Qe7 6. Be3 Nf6 7. Bd3 exd5 8. exd5 c6 9. dxc6 Bxc3+ 10. bxc3 dxc6 11. Nh3 0-0 12. 0-0 Nbd7 13. Re1 Rfe8 14. Re2 Ne5 15. Bf4 Qc5 16. Be3 Qa3 17. Bd4 Ned7 18. Bf5 Rxe2 19. Qxe2 Re8 20. Qd3 Qe7 21. f3 c5 22. Bxf6 Nxf6 23. Qd2 g6 24. Bd3 Kg7 25. Nf4 Nd7 26. Rd1 Ne5 27. Be2 Qh4 28. g3 Qf6 29. Rf1 Ba6 30. Qe3 Qc6 31. Rd1 Bxc4 32. Rf1 Ng4 33. Qd2 Bxe2 34. Nxe2 Ne3 35. Rf2 Qb5 36. Qc1 Qd3 37. Nf4 Qd1+ 38. Qxd1 Nxd1 39. Re2 Rxe2 40. Nxe2 Kf6 41. Kf1 Ke5 42. Ke1 Ne3 43. Kf2 Nd5 44. Ke1 g5 45. Kd2 f5 46. c4 Nc7 47. a4 a6 48. Kd3 Ne8 49. h3 f4 50. g4 Nd6 51. Nc1 b5 52. cxb5 axb5 53. axb5 Kd5 54. Ne2 Nxb5 55. h4 c4+ 56. Kd2 Nd4 57. Nc3+ Ke5 58. hxg5 Nxf3+ 0-1